Jesus the trendsetter ; (Record no. 193252)

MARC details
000 -LEADER
fixed length control field 00594nam a22001817a 4500
005 - DATE AND TIME OF LATEST TRANSACTION
control field 20221018152519.0
010 ## - LCCN (DPL NO)
LC control number ENG-135482
020 ## - INTERNATIONAL STANDARD BOOK NUMBER
International Standard Book Number 9789390569410
Terms of availability 125.00
035 ## - SYSTEM CONTROL NUMBER
System control number EN-119014
037 ## - SOURCE OF ACQUISITION
Source of stock number/acquisition DBAD/PUB
082 ## - DEWEY DECIMAL CLASSIFICATION NUMBER
Classification number 236.06
100 ## - MAIN ENTRY--PERSONAL NAME
Personal name smmi, devapriya
245 ## - TITLE STATEMENT
Title Jesus the trendsetter ;
Remainder of title from the feminist perspective/
Statement of responsibility, etc by smmi, devapriya
260 ## - PUBLICATION, DISTRIBUTION, ETC. (IMPRINT)
Place of publication, distribution, etc Delhi
Name of publisher, distributor, etc ISPCK
Date of publication, distribution, etc 2022
270 ## - ADDRESS
Address 1585,1654, madarsa road kashmere gate
City Delhi
Postal code 110006
Telephone number 011-23866323
Electronic mail address ashish@ispck.org.in
300 ## - PHYSICAL DESCRIPTION
Extent 125p.
Dimensions 22cm(pbk)
Other physical details bibliography
942 ## - ADDED ENTRY ELEMENTS (KOHA)
Source of classification or shelving scheme Dewey Decimal Classification
Item type English Books
Call number suffix SAM
Classification part 236.06
Holdings
Withdrawn status Lost status Not for loan Collection code Home library Current library Date acquired Source of acquisition Cost, normal purchase price Full call number Barcode Copy number Cost, replacement price Koha item type
      Non-fiction R.K.Puram-8 R.K.Puram-8 18/10/2022 DBAD/PUB 125.00 236.06 SAM EN-119014 1 125.00 English Books

© Delhi Public Library
Hit Counter
free hit counter